| 000 | 00898nas a2200289 4500 | ||
|---|---|---|---|
| 001 | BR9805187 | ||
| 003 | BR-BrBNA | ||
| 005 | 20231205101140.0 | ||
| 007 | ta | ||
| 008 | 230509b bl.|||p| |||| 00| 00por d | ||
| 040 |
_aBR-BrBNA _bpor _cBiblioteca Nacional de Agricultura |
||
| 041 | _a(Pt) | ||
| 072 | _aF40; F50 | ||
| 100 | 1 | _aUrbinati, C.V. | |
| 100 | 1 | _aLisboa, P.L.B. | |
| 245 | 1 | _aComparacao anatomica do lenho de duas especies do genero Capparis da Amazonia e da caatinga nordestina | |
| 650 | _aAnatomia Vegetal | ||
| 650 | _aMadeira | ||
| 650 | _aDendrologia | ||
| 650 | _aEcologia Florestal | ||
| 650 | _aAlcaparra | ||
| 650 | _aCaatinga | ||
| 650 | _aAmazonia | ||
| 773 | 0 |
_tBoletim do Museu Paraense Emilio Goeldi. Serie Botanica (Brazil) _xISSN 0077-2216 _g(Jul 1996), v. 12(1) p. 75-87 _wBR9805187 |
|
| 909 |
_a202311 _bLúcia _c55 _dLúcia Elande |
||
| 942 |
_2AGRIS _n0 _cANA |
||
| 999 |
_c160060 _d160060 |
||